Die 10 Erfolgreichsten Super Nintendo Entertainment System Spiele - Statistiken

Allgemein
  • Dieses Quiz wurde 76 mal gespielt
  • Das Durchschnittsergebnis liegt bei 5 aus 10
Antwortstatistiken
Platz Spiel verkaufte Einheiten Jahr % Korrekt
1 Super Mario World 20,61 Millionen 1990
97%
4 Super Mario Kart 8,76 Millionen 1992
79%
8 Super Mario World 2: Yoshi's Island 4,12 Millionen 1995
57%
3 Donkey Kong Country 9,30 Millionen 1994
55%
6 Donkey Kong Country 2: Diddy's Kong Quest 5,15 Millionen 1995
45%
7 The Legend of Zelda: A Link to the Past 4,61 Millionen 1991
43%
10 Donkey Kong Country 3: Dixie Kong's Double Trouble! 3,51 Millionen 1996
42%
2 Super Mario All-Stars 10,55 Millionen 1993
36%
5 Street Fighter II: The World Warrior 6,30 Millionen 1992
19%
9 Street Fighter II Turbo: Hyper Fighting 4,10 Millionen 1993
1%
Keine übereinstimmenden Quizze gefunden
Verteilung der Resultate
Anzahl Personen mit jedem Resultat
Perzentil nach korrekt beantworteten Fragen
Ihre Resultats-Entwicklung
Sie haben dieses Quiz noch nicht gespielt